00658nam a2200241 a 4500001001300000003000900013005001700022008004100039020001000080082001300090100001900103245003300122260003100155300000800186500003500194505002800229650001700257700001900274902000800293942000700301952009300308999001500401nice12345678IN_TiNIC20260116012143.0050524s1927 egya grp 000 0 per  ac10000a232bZWE aZwemer, Samuel aMasihiyat Akhirin Mazhab Ast aEgyptbNo Publishersc1927 a15p aincludes index and biblioraphy2 aHand Written Manuscript aJesus Christ1 aZwemer, Samuel bSRS cBK 00104070aHMIbHMId2007-06-18g100.00l0o232 ZWEp5027r2007-06-18w2026-01-16yARB c5850d5850